Yokai Costaud - Statistiques

Statistiques générales
  • Ce quiz a été pris 14 fois
  • Le résultat moyen est 32 sur 84
Statistiques - réponses
Hint Réponse % Correct
194 Robonyan
90%
152 Loubarbare
80%
197 Oronyan
80%
191 Corniaque
70%
154 Frerosse
70%
202 Gargaros
70%
610 Gorgouille
70%
200 Crapop
60%
201 Geeko
60%
151 Granpart
60%
149 Nanpart
60%
203 Ogralos
60%
204 Orqanos
60%
150 Passpa
60%
153 Racaid
60%
199 Ressak
60%
190 Rhinolimit
60%
164 Boulapic
50%
165 Bouldacier
50%
186 Castelius I
50%
185 Castelius II
50%
184 Castelius III
50%
187 Castelius Max
50%
189 Coleroptere
50%
140 Darabajoie
50%
141 Darumastar
50%
142 Goruma
50%
198 Misterre
50%
606 Platinos
50%
195 Robonyan F
50%
196 Superrobonyan
50%
146 Charivari
40%
170 Pachycoul
40%
172 Pachypipi
40%
171 Persevefant
40%
630 Robonyan Ult
40%
167 Soupotori
40%
166 Sumodon
40%
173 Antonnerre
30%
188 Chionyan
30%
598 Daikokuten
30%
148 Depotache
30%
145 Egare dare
30%
207 El Squalador
30%
183 Etna Magma
30%
144 Fanfanfaron
30%
155 Graffael
30%
625 Grovide
30%
160 Hauber
30%
161 Humainequin
30%
143 Jalouseriz
30%
192 Kintaronyan
30%
182 Lama Laya
30%
174 Parantonn
30%
178 Pogorille
30%
147 Potache
30%
206 Squale masque
30%
177 Suinthan
30%
678 Vocifero
30%
193 Aloyau Ier
20%
163 Axelerator
20%
162 Big O Max
20%
159 Bricolos
20%
205 Extrabuki
20%
208 Fleche D azur
20%
624 Haltela
20%
169 Krakatouaaah
20%
629 Kyubot
20%
179 Mulangeur
20%
175 Naveteran
20%
176 Navigarmateur
20%
627 Octorbot
20%
628 Orqanos Lu Bu
20%
139 Otto
20%
168 Pfffuji
20%
158 Pietros
20%
619 Terminyanator
20%
626 Tristos
20%
181 Zozoparleur
20%
180 Andrecup
10%
156 Chameuhllow
10%
677 Gromel
10%
157 Pot au meuh
10%
659 S Trompelamor
0%
Aucun quiz correspondant
Distribution des résultats
% des personnes avec chaque résultat
Percentile par nombre de réponses
Votre historique - résultats
Vous n’avez pas pris ce quiz